Central Library OPAC University of Rajshahi

শাশ্বত বঙ্গ / (Record no. 44692)

MARC details
000 -LEADER
fixed length control field 01083nam a22002657a 4500
001 - CONTROL NUMBER
control field 44692
003 - CONTROL NUMBER IDENTIFIER
rucl marc code BD-RjUL
005 - DATE AND TIME OF LATEST TRANSACTION
control field 20211209053912.0
008 - FIXED-LENGTH DATA ELEMENTS--GENERAL INFORMATION
fixed length control field 160720s1983 bg ||||| |||| 00| 0dben d
020 ## - INTERNATIONAL STANDARD BOOK NUMBER
Terms of availability : TK 95.00
035 ## - SYSTEM CONTROL NUMBER
System control number (BD-RjUL)44810
040 ## - CATALOGING SOURCE
Original cataloging agency BD-RjUL
Language of cataloging ben
Transcribing agency BD-RjUL
041 ## - LANGUAGE CODE
Language code of text/sound track or separate title ben
082 ## - DEWEY DECIMAL CLASSIFICATION NUMBER
Edition number 23
Classification number 891.44408
Author mark and year ODS 1983
100 1# - MAIN ENTRY--PERSONAL NAME
Personal name ওদুদ, কাজী আবদুল
9 (RLIN) 126192
245 10 - TITLE STATEMENT
Title শাশ্বত বঙ্গ /
Statement of responsibility, etc. কাজী আবদুল ওদুদ
250 ## - EDITION STATEMENT
Edition statement ২য় সং.
260 ## - PUBLICATION, DISTRIBUTION, ETC. (IMPRINT)
Place of publication, distribution, etc. ঢাকা :
Name of publisher, distributor, etc. ব্র্যাক প্রকাশনী,
Date of publication, distribution, etc. ১৯৮৩
300 ## - PHYSICAL DESCRIPTION
Pagination [১২], ৫০০, [৫] পৃ. ;
Size ২১ সেমি.
490 ## - SERIES STATEMENT
Series statement বিশ্ববিদ্যালয় গ্রন্থ সিরিজ ;
Volume/sequential designation ০১
650 ## - SUBJECT ADDED ENTRY--TOPICAL TERM
Topical term or geographic name as entry element বাংলা প্রবন্ধ
General subdivision সংগ্রহ
9 (RLIN) 235094
Topical term or geographic name as entry element Bengali Essays
General subdivision Collection
9 (RLIN) 235095
830 ## - SERIES ADDED ENTRY--UNIFORM TITLE
Uniform title বিশ্ববিদ্যালয় গ্রন্থ সিরিজ ;
Volume number/sequential designation ০১
942 ## - ADDED ENTRY ELEMENTS (KOHA)
Source of classification or shelving scheme Dewey Decimal Classification
Koha item type Books
Holdings
Lost status Source of classification or shelving scheme Damaged status Not for loan Collection code Permanent Location Current Location Shelving location Date acquired Source of acquisition Cost, normal purchase price Total Checkouts Full call number Date last seen Copy number Koha item type
  Dewey Decimal Classification   Not For Loan Non-fiction Central Library, University of Rajshahi Central Library, University of Rajshahi Reading Room 26/07/1984 Dhaka, Dhaka Biswabidalya grontho Sangostha 95.00   B 891.44408 ODS 1983 15/05/2017 C-1 Books
  Dewey Decimal Classification     Fiction Central Library, University of Rajshahi Central Library, University of Rajshahi   08/04/1988 Dhaka, Books & Periodicals 95.00   B 891.44408 ODS 1983 19/11/2019 C-2 Books
  Dewey Decimal Classification     Fiction Central Library, University of Rajshahi Central Library, University of Rajshahi   08/04/1988 Dhaka, Books & Periodicals 95.00   B 891.44408 ODS 1983 19/11/2019 C-3 Books
  Dewey Decimal Classification     Fiction Central Library, University of Rajshahi Central Library, University of Rajshahi   08/04/1988 Dhaka, Books & Periodicals 95.00   B 891.44408 ODS 1983 19/11/2019 C-4 Books
  Dewey Decimal Classification     Fiction Central Library, University of Rajshahi Central Library, University of Rajshahi   08/04/1988 Dhaka, Books & Periodicals 95.00   B 891.44408 ODS 1983 19/11/2019 C-5 Books
  Dewey Decimal Classification     Fiction Central Library, University of Rajshahi Central Library, University of Rajshahi   08/04/1988 Dhaka, Books & Periodicals 95.00   B 891.44408 ODS 1983 19/11/2019 C-6 Books
  Dewey Decimal Classification     Fiction Central Library, University of Rajshahi Central Library, University of Rajshahi   26/07/1984 Dhaka, Dhaka Biswabidalya grontho Sangostha 95.00   B 891.44408 ODS 1983 19/11/2019 C-7 Books
  Dewey Decimal Classification     Fiction Central Library, University of Rajshahi Central Library, University of Rajshahi   26/07/1984 Dhaka, Dhaka Biswabidalya grontho Sangostha 95.00   B 891.44408 ODS 1983 19/11/2019 C-8 Books
  Dewey Decimal Classification     Fiction Central Library, University of Rajshahi Central Library, University of Rajshahi   26/07/1984 Dhaka, Dhaka Biswabidalya grontho Sangostha 95.00   B 891.44408 ODS 1983 19/11/2019 C-9 Books
  Dewey Decimal Classification     Fiction Central Library, University of Rajshahi Central Library, University of Rajshahi   26/07/1984 Dhaka, Dhaka Biswabidalya grontho Sangostha 95.00   B 891.44408 ODS 1983 19/11/2019 C-10 Books
  Dewey Decimal Classification     Non-fiction Central Library, University of Rajshahi Central Library, University of Rajshahi General Stacks 08/04/1988 Dhaka, Books & Periodicals 95.00   B 891.44408 ODS 1983 17/11/2022 C-11 Books
  Dewey Decimal Classification       Central Library, University of Rajshahi Central Library, University of Rajshahi General Stacks 22/05/2023       B 891.44408 ODS 1983 22/05/2023 C-12 Books